[Event "Bijnor op"]
[Site "Bijnor"]
[Date "2023.12.02"]
[Round "5"]
[White "Mohammad, Sameed"]
[Black "Verma, Ashu"]
[Result "1-0"]
[WhiteElo "1468"]
[BlackElo "1674"]
[PlyCount "53"]
[EventDate "2023.11.30"]
[EventType "swiss"]
[EventRounds "7"]
[EventCountry "IND"]
[SourceTitle "CB50_2023"]
[SourceDate "2023.12.13"]
[SourceVersion "1"]
[SourceVersionDate "2023.12.13"]
[SourceQuality "1"]

1. e4 e6 2. d4 d5 3. Nd2 dxe4 4. Nxe4 Nf6 5. Nxf6+ Qxf6 6. Bd3 Bd6 7. Nf3 h6 8. Qe2 Nc6 9. c3 Ne7 10. Ne5 a6 11. Qh5 c5 12. Ng4 Nd5 13. Nxf6+ Nxf6 14. Qh4 Bd7 15. dxc5 Bxc5 16. Be3 Be7 17. 0-0-0 Bc6 18. f3 0-0 19. Bxh6 gxh6 20. Qxh6 Rfd8 21. h4 Rxd3 22. Rxd3 Ne8 23. Rh3 Bf8 24. Rg3+ Bg7 25. Rd4 f5 26. Qxe6+ Kh8 27. Qxf5 1-0